书目信息 |
| 题名: |
RIHAN.CC
|
|
| 作者: | ;香港日瀚国际文化公司 编著 | |
| 分册: | 038 国际新住宅 | |
| 出版信息: | 武汉 华中科技大学出版社 2005 |
|
| 页数: | 105页 | |
| 开本: | 30cm | |
| 丛书名: | ||
| 单 册: | ||
| 中图分类: | TU206 , TU241-61 | |
| 科图分类: | ||
| 主题词: | 建筑设计--世界--现代--图集 , 住宅--建筑设计--世界--现代--图集 , 住宅 , 建筑设计 | |
| 电子资源: | ||
| ISBN: | 7-5609-3524-9 | |
| 000 | 01052nam0 2200277 450 | |
| 001 | 003098023 | |
| 005 | 20070804113816.84 | |
| 010 | @a7-5609-3524-9@dCNY238.00, USD79.00 | |
| 100 | @a20060124d2005 em y0chiy0110 ea | |
| 101 | 0 | @achi@aeng |
| 102 | @aCN@b420000 | |
| 105 | @aa z 000yy | |
| 200 | 1 | @aRIHAN.CC@h038@i国际新住宅@h下册@dRIHAN. CC@h038@iInternational modrern tenement@e[中英文本]@f香港日瀚国际文化有限公司编著@zeng |
| 210 | @a武汉@c华中科技大学出版社@d2005 | |
| 215 | @a105页@c彩照,图@d30cm | |
| 330 | @a本书分为上下册,内容包括:SS住宅、半影、阳平住宅、多层住宅、天园住宅、林居堂、一山住宅等。并附有图片,对每所住宅进行详细介绍。 | |
| 510 | 1 | @aRIHAN. CC@h038@iInternational modren tenement@zeng |
| 606 | 0 | @a建筑设计@y世界@z现代@j图集 |
| 606 | 0 | @a住宅@x建筑设计@y世界@z现代@j图集 |
| 606 | 0 | @a住宅 |
| 606 | 0 | @a建筑设计 |
| 690 | @aTU206@v4 | |
| 690 | @aTU241-61@v4 | |
| 711 | 02 | @a香港日瀚国际文化公司@9xiang gang ri han guo ji wen hua gong si@4编著 |
| 801 | 0 | @aCN@bNLC@c20070804 |
| 905 | @a10447@dTU206@e396:38(2) | |
| RIHAN.CC.038.国际新住宅.下册=RIHAN. CC.038.International modrern tenement:[中英文本]/香港日瀚国际文化有限公司编著.-武汉:华中科技大学出版社,2005 |
| 105页:彩照,图;30cm |
| ISBN 7-5609-3524-9:CNY238.00, USD79.00 |
| 本书分为上下册,内容包括:SS住宅、半影、阳平住宅、多层住宅、天园住宅、林居堂、一山住宅等。并附有图片,对每所住宅进行详细介绍。 |
| ● |
| 相关链接 |
|
|
|
|
正题名:RIHAN.CC
索取号:TU206/396:38(2)
 
预约/预借
| 序号 | 登录号 | 条形码 | 馆藏地/架位号 | 状态 | 备注 |
| 1 | 0803943 | 208039433 | 第二样本阅览室/ [索取号:TU206/396:38(2)] | 在馆 | |
| 2 | 0803944 | 208039442 | 第三借阅区/ [索取号:TU206/396:38(2)] | 在馆 | |
| 3 | 0803945 | 208039451 | 第三借阅区/ [索取号:TU206/396:38(2)] | 在馆 | |
| 4 | 0803946 | 208039460 | 第三借阅区/ [索取号:TU206/396:38(2)] | 在馆 | |
| 5 | 0803947 | 208039479 | 第三借阅区/ [索取号:TU206/396:38(2)] | 在馆 |